000 00823nam a2200205Ii 4500
003 JO-AjNU
008 230605s9999||||xx |||||||||||||| ||und||
017 _a1997/3/407
040 _aJO-AjNU
_bara
_erda
_cJO-AjNU
041 _aara
050 1 4 _aZ695.93.E75 1997
100 3 _aاتيم ، محمود احمد ,
_eauthor
_946278
245 0 0 _aالتحليل الموضوعي للوثائق : الفهرسة الموضوعية والتكشيف والنشاطات الاملازمة للفهرسة والتحليل الموضوعي
264 3 1 _aعمان : مؤسسة عبد الحميد شومان ،1997
300 _a574ص
336 _atext
_btxt
_2rdacontent
337 _aunmediated
_bn
_2rdamedia
338 _avolume
_bnc
_2rdacarrier
650 4 _aعلم المكتبات-التحليل الموضوعي
_946279
999 _aA20120
_c23688
_d23688